| 000 | 00620nam a2200193Ia 4500 | ||
|---|---|---|---|
| 003 | GCL | ||
| 008 | 140319s9999 xx 000 0 ara d | ||
| 040 |
_aGCL / _cGCL |
||
| 082 | 0 | 4 |
_a808.2 _bب ف |
| 100 | 1 | _aدرينى خشبة | |
| 245 | 1 | 0 |
_aفن الكاتب المسرحى: للمسرح والاذاعة والتليفزيون والسينما / _cدرينى خشبة |
| 700 | 1 | _aبسفيلد، روجرم | |
| 300 | _a462 ص | ||
| 490 |
_aالهيئة العامة للاستعلامات _v0 |
||
| 650 | 0 | 4 | _aالادب |
| 650 | 0 | 4 | _aالمسرح |
| 650 | 0 | 4 | _aالتأليف المسرحى |
| 942 |
_2ddc _cBK |
||
| 999 |
_c49921 _d49921 |
||